| 000 | 00564nam a2200181Ia 4500 | ||
|---|---|---|---|
| 999 |
_c35499 _d35499 |
||
| 003 | OSt | ||
| 005 | 20201209115703.0 | ||
| 008 | 190216s9999||||xx |||||||||||||| ||und|| | ||
| 040 | _coclc | ||
| 082 |
_a372.210973 _bLEE/G |
||
| 100 |
_aLeeper, Sarah Hammond _97337 |
||
| 245 | 0 |
_aGood School For Young Children / _cSarah Hammond Leeper |
|
| 250 | _a4th Ed. | ||
| 260 |
_bMacmillan India Ltd, _c1974. _aNew York: |
||
| 300 | _a579p | ||
| 650 | _aChildren`S Treasury Of Knowledge | ||
| 942 |
_cREF _2ddc _h372.210973 _iLEE/G _k372.210973 _mLEE/G |
||